Pays qui se terminent par E - Statistiques

Statistiques générales
  • Ce quiz a été pris 1 250 fois
  • Le résultat moyen est 56 sur 85
Statistiques - réponses
Réponse % Correct
France
96%
Espagne
94%
Russie
91%
Allemagne
89%
Chine
88%
Belgique
87%
Australie
86%
Italie
86%
Algérie
85%
Suède
85%
Lituanie
83%
Albanie
82%
Estonie
82%
Finlande
82%
Lettonie
82%
Norvège
82%
Irlande
81%
Suisse
81%
Argentine
80%
Andorre
79%
Autriche
79%
Islande
78%
Hongrie
77%
Tunisie
77%
Biélorussie
76%
Grèce
76%
Roumanie
76%
Slovénie
76%
Croatie
75%
Mexique
75%
Pologne
75%
Slovaquie
75%
Bulgarie
74%
Colombie
74%
Égypte
74%
Turquie
74%
Inde
73%
Nouvelle-Zélande
72%
Serbie
72%
Ukraine
72%
Bolivie
70%
Indonésie
68%
République Tchèque
68%
Bosnie-Herzégovine
67%
Malte
65%
Moldavie
64%
Guinée
63%
Arabie Saoudite
62%
Libye
62%
Arménie
61%
Éthiopie
61%
Chypre
60%
Mongolie
59%
Thaïlande
59%
Géorgie
57%
Zambie
57%
Jamaïque
56%
Malaisie
56%
Somalie
56%
Mauritanie
55%
Syrie
55%
Érythrée
54%
Jordanie
54%
Suriname
54%
Tanzanie
54%
Namibie
53%
Belize
52%
Birmanie
51%
Cambodge
50%
Dominique
50%
Mozambique
50%
Papouasie-Nouvelle-Guinée
50%
Zimbabwe
50%
Guinée Équatoriale
49%
Sainte-Lucie
48%
République Dominicaine
47%
Côte d'Ivoire
46%
Gambie
46%
États Fédérés de Micronésie
45%
Barbade
44%
République Centrafricaine
44%
Maurice
43%
Grenade
41%
Sierra Leone
35%
Sao Tomé-et-Principe
33%
Aucun quiz correspondant
Distribution des résultats
% des personnes avec chaque résultat
Percentile par nombre de réponses
Votre historique - résultats
Vous n’avez pas pris ce quiz